[Event "Mittelfranken-chTB1 1617"]
[Site "Mittelfranken"]
[Date "2017.03.26"]
[Round "8.6"]
[White "Nickmann, Peter"]
[Black "Stephan, Jan"]
[Result "1/2-1/2"]
[WhiteElo "1832"]
[BlackElo "1946"]
[PlyCount "91"]
[EventDate "2016.10.23"]
[EventType "team-tourn"]
[EventRounds "9"]
[EventCountry "GER"]
[SourceTitle "EXT 2022"]
[Source "ChessBase"]
[SourceDate "2021.10.06"]
[SourceVersion "1"]
[SourceVersionDate "2021.10.06"]
[SourceQuality "1"]
[WhiteTeam "Fuerth SF"]
[BlackTeam "Gunzenhausen"]
[WhiteTeamCountry "GER"]
[BlackTeamCountry "GER"]

1. e4 c6 2. d4 d5 3. e5 Bf5 4. g4 Be4 5. f3 Bg6 6. h4 h5 7. g5 Na6 8. Bd3 Bxd3 9. Qxd3 Qd7 10. Bd2 e6 11. c3 Ne7 12. Ne2 Nf5 13. b4 Be7 14. Kf2 Nc7 15. Ng3 Nxg3 16. Kxg3 0-0-0 17. a4 f6 18. Na3 fxe5 19. dxe5 d4 20. c4 c5 21. bxc5 Bxc5 22. Nb5 Nxb5 23. cxb5 Qd5 24. Rac1 b6 25. a5 Qxe5+ 26. f4 Qf5 27. Qf3 Rd5 28. Rhe1 Rhd8 29. axb6 axb6 30. Ra1 Bd6 31. Ra8+ Kd7 32. Ra7+ Bc7 33. Re5 Qf7 34. Qe4 Rc8 35. Rxd5+ exd5 36. Qxd4 Ke8 37. Ra1 Qf5 38. Qe3+ Kf7 39. Qf3 g6 40. Rc1 Qd7 41. Rc6 Re8 42. Bc3 Re6 43. Rxe6 Qxe6 44. Be5 Bd6 45. Bxd6 Qxd6 46. Kg2 1/2-1/2

[Event "Mittelfranken-chTB1 1617"]
[Site "Mittelfranken"]
[Date "2016.12.11"]
[Round "4.7"]
[White "Stephan, Jan"]
[Black "Volkovski, Reinhold"]
[Result "1-0"]
[WhiteElo "1946"]
[BlackElo "1815"]
[PlyCount "115"]
[EventDate "2016.10.23"]
[EventType "team-tourn"]
[EventRounds "9"]
[EventCountry "GER"]
[SourceTitle "EXT 2022"]
[Source "ChessBase"]
[SourceDate "2021.10.06"]
[SourceVersion "1"]
[SourceVersionDate "2021.10.06"]
[SourceQuality "1"]
[WhiteTeam "Gunzenhausen"]
[BlackTeam "Nuernberg Noris Tarrasch III"]
[WhiteTeamCountry "GER"]
[BlackTeamCountry "GER"]

1. d4 d6 2. c4 e5 3. dxe5 dxe5 4. Qxd8+ Kxd8 5. Nc3 c6 6. b3 f6 7. Bb2 Bf5 8. 0-0-0+ Kc7 9. g3 Nh6 10. Bh3 Nd7 11. e4 Bxh3 12. Nxh3 Rd8 13. f3 Be7 14. Nf2 Nf7 15. Ng4 Nc5 16. Kc2 Ne6 17. Ne2 Nfg5 18. Rxd8 Rxd8 19. Rf1 Bb4 20. Bc1 Bc5 21. h4 Nf7 22. a3 Nd4+ 23. Nxd4 Bxd4 24. b4 Rd7 25. Ne3 Nd8 26. Rd1 Ne6 27. Rd3 Kc8 28. Kd2 Kc7 29. Ke2 Kc8 30. Nc2 Bb6 31. c5 Bc7 32. Rb3 Nd4+ 33. Nxd4 Rxd4 34. Be3 Rd7 35. a4 Bd8 36. b5 Re7 37. f4 exf4 38. Bxf4 Rxe4+ 39. Kf3 Re7 40. bxc6 bxc6 41. Rb8+ Kd7 42. Bd6 Rf7 43. Ra8 Ke8 44. a5 Rb7 45. a6 Rd7 46. Bb8 Be7 47. Bxa7+ Rd8 48. Rb8 Rxb8 49. Bxb8 Bxc5 50. a7 Bxa7 51. Bxa7 Kd7 52. Bc5 Ke6 53. Ke4 f5+ 54. Kf4 h6 55. h5 g5+ 56. hxg6 Kf6 57. g7 Kxg7 58. Kxf5 1-0

[Event "Regionalliga NO 1415"]
[Site "Bayern"]
[Date "2015.01.18"]
[Round "5.8"]
[White "Stephan, Michael"]
[Black "Stephan, Jan"]
[Result "0-1"]
[WhiteElo "1991"]
[BlackElo "1923"]
[PlyCount "56"]
[EventDate "2014.10.19"]
[EventType "team-tourn"]
[EventRounds "9"]
[EventCountry "GER"]
[SourceTitle "EXT 2018"]
[Source "ChessBase"]
[SourceDate "2017.10.13"]
[SourceVersion "1"]
[SourceVersionDate "2017.10.13"]
[SourceQuality "1"]
[WhiteTeam "Forchheim II"]
[BlackTeam "Gunzenhausen"]
[WhiteTeamCountry "GER"]
[BlackTeamCountry "GER"]

1. e4 c6 2. d4 d5 3. Nd2 dxe4 4. Nxe4 Bf5 5. Ng3 Bg6 6. Nf3 e6 7. Bc4 Bd6 8. 0-0 Nf6 9. Qe2 Nbd7 10. Re1 Qc7 11. a4 0-0 12. Ne5 c5 13. Nxg6 hxg6 14. dxc5 Bxc5 15. Bg5 Rac8 16. Bd3 Qb6 17. Rab1 Qa5 18. Be3 Qxa4 19. Bxc5 Nxc5 20. Ra1 Qb4 21. c3 Qb6 22. Bc4 Rfd8 23. Nf1 Nce4 24. Red1 Rxd1 25. Rxd1 Nxf2 26. Rd4 N6e4 27. Ne3 e5 28. Rd1 Rxc4 0-1

[Event "Regionalliga NO 1314"]
[Site "Bayern"]
[Date "2014.02.23"]
[Round "7.8"]
[White "Albrecht, Stephan"]
[Black "Stephan, Jan"]
[Result "0-1"]
[WhiteElo "1777"]
[BlackElo "1948"]
[PlyCount "80"]
[EventDate "2013.10.13"]
[EventType "team-tourn"]
[EventRounds "9"]
[EventCountry "GER"]
[SourceTitle "EXT 2015"]
[Source "ChessBase"]
[SourceDate "2014.11.20"]
[SourceVersion "1"]
[SourceVersionDate "2014.11.20"]
[SourceQuality "1"]
[WhiteTeam "Kareth Lappersdorf II"]
[BlackTeam "Gunzenhausen"]
[WhiteTeamCountry "GER"]
[BlackTeamCountry "GER"]

1. c4 c6 2. Nc3 d5 3. cxd5 cxd5 4. d4 Nc6 5. Nf3 e6 6. a3 Nf6 7. Bg5 Be7 8. e3 0-0 9. Bd3 Ng4 10. Bxe7 Qxe7 11. h3 Nf6 12. 0-0 b6 13. b4 Bb7 14. Qb3 e5 15. dxe5 Nxe5 16. Nxe5 Qxe5 17. Rfd1 Qg5 18. Bf1 Rfe8 19. Nb5 Rad8 20. Rd4 a6 21. Nc7 Re7 22. Nxa6 Ne4 23. b5 Rde8 24. Ra2 Nc5 25. Nxc5 bxc5 26. Rg4 Qf6 27. Qd1 h5 28. Rf4 Qe5 29. Qa1 d4 30. Re2 g5 31. exd4 Qxf4 32. Rxe7 Rxe7 33. dxc5 Bd5 34. Qc3 g4 35. hxg4 hxg4 36. Qa5 Qc7 37. b6 Qc8 38. Qc3 Bc6 39. Bc4 Qf5 40. Qd4 Re1+ 0-1

[Event "Regionalliga NO 1213"]
[Site "Bayern"]
[Date "2012.10.14"]
[Round "1.5"]
[White "Stephan, Jan"]
[Black "Liepold, Stefan"]
[Result "0-1"]
[WhiteElo "1956"]
[BlackElo "2116"]
[PlyCount "92"]
[EventDate "2012.10.14"]
[EventType "team-tourn"]
[EventRounds "9"]
[EventCountry "GER"]
[SourceTitle "EXT 2015"]
[Source "ChessBase"]
[SourceDate "2014.11.20"]
[SourceVersion "1"]
[SourceVersionDate "2014.11.20"]
[SourceQuality "1"]
[WhiteTeam "Gunzenhausen"]
[BlackTeam "Erlangen"]
[WhiteTeamCountry "GER"]
[BlackTeamCountry "GER"]

1. d4 Nf6 2. c4 g6 3. Nc3 d5 4. Nf3 Bg7 5. e3 0-0 6. cxd5 Nxd5 7. Nxd5 Qxd5 8. b3 c5 9. Bc4 Qd8 10. Bb2 Qa5+ 11. Qd2 Qxd2+ 12. Kxd2 Nc6 13. Bc3 Rd8 14. d5 e6 15. Bxg7 Kxg7 16. e4 exd5 17. exd5 Nb4 18. Kc3 Nxd5+ 19. Bxd5 Rxd5 20. Rad1 Be6 21. Rxd5 Bxd5 22. Rd1 Bc6 23. Ne5 Be8 24. Kc4 Rc8 25. a4 f6 26. Ng4 Bf7+ 27. Kc3 Be6 28. Ne3 Kf7 29. Nc4 Ke7 30. Rd3 b6 31. Re3 Rd8 32. Re4 Kf7 33. Nd2 Bd5 34. Rh4 Kg7 35. Rg4 Bc6 36. Rg3 Kf7 37. Nc4 Rd1 38. Nd2 Rc1+ 39. Kb2 Rg1 40. Nc4 Rxg2 41. Rxg2 Bxg2 42. Nd6+ Ke6 43. Nc8 Bc6 44. Nxa7 Bd7 45. Kc3 Kd5 46. Kd3 g5 0-1

[Event "Mittelfranken-chTB1 1011"]
[Site "Germany"]
[Date "2010.09.26"]
[Round "1.5"]
[White "Stephan, Jan"]
[Black "Muenster, Manfred"]
[Result "1-0"]
[WhiteElo "1968"]
[BlackElo "1920"]
[PlyCount "109"]
[EventDate "2010.09.26"]
[EventType "team-tourn"]
[EventRounds "9"]
[EventCountry "GER"]
[SourceTitle "EXT 2012"]
[Source "ChessBase"]
[SourceDate "2011.11.24"]
[SourceVersion "1"]
[SourceVersionDate "2011.11.24"]
[SourceQuality "1"]
[WhiteTeam "Gunzenhausen"]
[BlackTeam "Heilsbronn"]
[WhiteTeamCountry "GER"]
[BlackTeamCountry "GER"]

1. d4 g6 2. c4 Bg7 3. Nc3 d6 4. e4 Nc6 5. Be3 e5 6. d5 Nce7 7. Bd3 f5 8. f3 Nf6 9. Nge2 0-0 10. Qd2 f4 11. Bf2 g5 12. c5 h5 13. cxd6 cxd6 14. Nb5 a6 15. Na3 b5 16. Nc2 Ng6 17. a4 Bd7 18. axb5 Bxb5 19. Bxb5 axb5 20. Rxa8 Qxa8 21. Qb4 g4 22. Nc3 h4 23. Qxd6 g3 24. hxg3 fxg3 25. Be3 b4 26. Qxb4 Rb8 27. Qa4 Qb7 28. Kd2 Rc8 29. Qb4 Qc7 30. Ra1 Rb8 31. d6 Qc8 32. Qc5 Qxc5 33. Bxc5 Rxb2 34. Ra8+ Kh7 35. Nd5 Nd7 36. Be3 Bh6 37. Ra7 Bxe3+ 38. Ndxe3 Ngf8 39. Nc4 Rb5 40. N2a3 Rb3 41. Nc2 Kg6 42. N2e3 Kf6 43. Kc2 Rb8 44. Ng4+ Ke6 45. Ngxe5 Rc8 46. Nxd7 Nxd7 47. Kd3 Rb8 48. f4 Nc5+ 49. Kd4 Nb3+ 50. Kc3 Nc1 51. Re7+ Kf6 52. e5+ Kf5 53. d7 Ne2+ 54. Kd2 Nxf4 55. Re8 1-0

[Event "Mittelfranken-chTB1 0910"]
[Site "Mittelfranken"]
[Date "2009.12.06"]
[Round "4.6"]
[White "Thiele, Heinz"]
[Black "Stephan, Jan"]
[Result "1/2-1/2"]
[WhiteElo "2031"]
[BlackElo "1968"]
[PlyCount "66"]
[EventDate "2009.10.11"]
[EventType "team-tourn"]
[EventRounds "9"]
[EventCountry "GER"]
[SourceTitle "EXT 2011"]
[Source "ChessBase"]
[SourceDate "2010.11.26"]
[SourceVersion "1"]
[SourceVersionDate "2010.11.26"]
[SourceQuality "1"]
[WhiteTeam "Fuerth SF"]
[BlackTeam "Gunzenhausen"]
[WhiteTeamCountry "GER"]
[BlackTeamCountry "GER"]

1. Nf3 d5 2. c4 c6 3. d4 Nf6 4. Nc3 e6 5. Bg5 Nbd7 6. cxd5 exd5 7. Qc2 Qa5 8. Nd2 Bb4 9. Nb3 Qc7 10. e3 Ne4 11. Bf4 Qd8 12. Bd3 Ndf6 13. 0-0 Nxc3 14. bxc3 Bd6 15. Bxd6 Qxd6 16. e4 dxe4 17. Bxe4 0-0 18. Rfe1 b6 19. Nd2 Be6 20. Bf3 Rac8 21. Rad1 Rfe8 22. Qa4 Re7 23. Ne4 Nxe4 24. Rxe4 Rce8 25. h3 Bd5 26. Rxe7 Rxe7 27. Bxd5 cxd5 28. c4 dxc4 29. Qxc4 Rc7 30. Qa4 Qc6 31. Qb4 Qd5 32. Qa4 g6 33. Qa3 a5 1/2-1/2

[Event "Mittelfranken-chTB1 0809"]
[Site "Mittelfranken"]
[Date "2009.03.22"]
[Round "8.6"]
[White "Schatz, Werner"]
[Black "Stephan, Jan"]
[Result "1-0"]
[WhiteElo "1960"]
[BlackElo "1984"]
[PlyCount "180"]
[EventDate "2008.10.12"]
[EventType "team"]
[EventRounds "9"]
[EventCountry "GER"]
[SourceTitle "EXT 2011"]
[Source "ChessBase"]
[SourceDate "2010.11.26"]
[SourceVersion "1"]
[SourceVersionDate "2010.11.26"]
[SourceQuality "1"]
[WhiteTeam "Fuerth SZ"]
[BlackTeam "Gunzenhausen/Weissenburg"]
[WhiteTeamCountry "GER"]
[BlackTeamCountry "GER"]

1. e4 c6 2. d3 e5 3. Nf3 Nf6 4. g3 Bc5 5. Bg2 d6 6. Nbd2 Bg4 7. h3 Bh5 8. g4 Bg6 9. Nc4 Na6 10. 0-0 Nc7 11. a4 Ne6 12. c3 0-0 13. b4 Bb6 14. a5 Bc7 15. Re1 b5 16. Ne3 Nf4 17. Nf5 Nxg2 18. Kxg2 d5 19. Qc2 h5 20. Bg5 Bxf5 21. gxf5 Qd6 22. Rad1 Nh7 23. Be3 Rfe8 24. Rg1 Kh8 25. Kh1 a6 26. Qe2 g6 27. fxg6 fxg6 28. Rg3 Qe6 29. Rdg1 Rg8 30. Qf1 Raf8 31. R1g2 dxe4 32. dxe4 Nf6 33. Ng5 Qd7 34. Kh2 h4 35. Rg4 Nxg4+ 36. Rxg4 Kg7 37. Qg2 Qd6 38. Nf3 Rxf3 39. Qxf3 Rf8 40. Qe2 Qf6 41. Rg1 Qf3 42. Qxf3 Rxf3 43. Rd1 Rf7 44. Kg2 Kf6 45. Kf3 Ke6+ 46. Kg4 Bd6 47. Kxh4 Be7+ 48. Kg4 Rh7 49. f3 Rh4+ 50. Kg3 Rh8 51. Rd3 Bh4+ 52. Kg4 Be7 53. Bc5 Rh4+ 54. Kg3 g5 55. Rd1 Rh8 56. Bxe7 Kxe7 57. Kg4 Rh4+ 58. Kxg5 Rxh3 59. Kg4 Rh2 60. Kf5 Rh5+ 61. Kg6 Rh3 62. Kf5 Rxf3+ 63. Kxe5 Rxc3 64. Rh1 c5 65. Rh7+ Kf8 66. bxc5 Rxc5+ 67. Kd6 Rc1 68. Ra7 Rd1+ 69. Ke6 Rh1 70. Ra8+ Kg7 71. e5 b4 72. Rb8 Ra1 73. Rb7+ Kf8 74. Rxb4 Rxa5 75. Rb8+ Kg7 76. Ra8 Ra1 77. Ra7+ Kf8 78. Rf7+ Kg8 79. Ke7 Rd1 80. Rf4 a5 81. Rg4+ Kh7 82. e6 Ra1 83. Kf7 Rf1+ 84. Ke8 a4 85. Rxa4 Kg6 86. e7 Re1 87. Ra6+ Kg7 88. Ra2 Rg1 89. Rf2 Ra1 90. Rf7+ Kg8 1-0

[Event "Mittelfranken-chTB1 0809"]
[Site "Mittelfranken"]
[Date "2009.01.11"]
[Round "4.5"]
[White "Suess, Helmut"]
[Black "Stephan, Jan"]
[Result "0-1"]
[WhiteElo "1869"]
[BlackElo "1984"]
[PlyCount "118"]
[EventDate "2008.10.12"]
[EventType "team"]
[EventRounds "9"]
[EventCountry "GER"]
[SourceTitle "EXT 2011"]
[Source "ChessBase"]
[SourceDate "2010.11.26"]
[SourceVersion "1"]
[SourceVersionDate "2010.11.26"]
[SourceQuality "1"]
[WhiteTeam "Nuernberg NT IV"]
[BlackTeam "Gunzenhausen/Weissenburg"]
[WhiteTeamCountry "GER"]
[BlackTeamCountry "GER"]

1. d4 d5 2. c4 c6 3. cxd5 cxd5 4. Nc3 Nc6 5. Nf3 Nf6 6. Bf4 Bf5 7. e3 Qb6 8. Bb5 e6 9. 0-0 Be7 10. Qe2 0-0 11. h3 Rfc8 12. Ne5 Nxe5 13. Bxe5 a6 14. Ba4 Qa5 15. Bb3 Rc6 16. Rac1 Rac8 17. Bxf6 gxf6 18. Qf3 Be4 19. Qg3+ Kh8 20. f3 Bd3 21. Rfd1 Bg6 22. Ne2 Rxc1 23. Nxc1 Qb4 24. Qe1 Qxe1+ 25. Rxe1 Bb4 26. Rd1 Bc2 27. Bxc2 Rxc2 28. Nd3 Bd2 29. e4 dxe4 30. fxe4 Be3+ 31. Kh1 Bxd4 32. Nb4 Rc4 33. Nd3 e5 34. b3 Rc2 35. Nf4 Rxa2 36. Nh5 Rc2 37. Rf1 Rc6 38. Nxf6 Kg7 39. Nd5 a5 40. Kh2 Rc5 41. Rf3 b5 42. b4 axb4 43. Nxb4 Rc3 44. Rf1 Rb3 45. Nc6 b4 46. Rd1 Be3 47. Rd5 f6 48. Rb5 Bf4+ 49. Kg1 Rb1+ 50. Kf2 b3 51. Na5 b2 52. Nc4 Bc1 53. Rb7+ Kg6 54. Rb6 Ra1 55. Nxb2 Ra2 56. Kf3 Rxb2 57. Rc6 Rb3+ 58. Kf2 Be3+ 59. Ke2 Bd4 0-1

[Event "Regionalliga NO 0708"]
[Site "Bayern"]
[Date "2008.04.20"]
[Round "9.4"]
[White "Roeber, Juergen"]
[Black "Stephan, Jan"]
[Result "1-0"]
[WhiteElo "2047"]
[BlackElo "1984"]
[PlyCount "69"]
[EventDate "2007.10.21"]
[EventType "team-tourn"]
[EventRounds "9"]
[EventCountry "GER"]
[SourceTitle "EXT 2009"]
[Source "ChessBase"]
[SourceDate "2008.11.26"]
[SourceVersion "1"]
[SourceVersionDate "2008.11.26"]
[SourceQuality "1"]
[WhiteTeam "Postbauer"]
[BlackTeam "Gunzenhausen"]
[WhiteTeamCountry "GER"]
[BlackTeamCountry "GER"]

1. e4 c6 2. d4 d5 3. Nc3 dxe4 4. Nxe4 Bf5 5. Ng3 Bg6 6. h4 h6 7. h5 Bh7 8. Nf3 Nf6 9. Bd3 Bxd3 10. Qxd3 e6 11. Bd2 Nbd7 12. 0-0-0 Qc7 13. Ne4 0-0-0 14. g3 Nxe4 15. Qxe4 Nf6 16. Qe2 Rd5 17. Bf4 Qa5 18. c4 Rxh5 19. Ne5 Rxh1 20. Rxh1 Rg8 21. Nxf7 Qf5 22. Re1 Kd7 23. d5 exd5 24. cxd5 Bc5 25. Ne5+ Kc7 26. Qc4 g5 27. Qxc5 gxf4 28. d6+ Kc8 29. Qxa7 Nd7 30. Nxc6 Qc5+ 31. Qxc5 Nxc5 32. Ne7+ Kd7 33. Nxg8 Nd3+ 34. Kd2 Nxe1 35. Kxe1 1-0

[Event "Regionalliga NO 0708"]
[Site "Bayern"]
[Date "2007.12.09"]
[Round "4.4"]
[White "Stephan, Jan"]
[Black "Gradl, Winfried"]
[Result "1/2-1/2"]
[WhiteElo "1984"]
[BlackElo "1948"]
[PlyCount "72"]
[EventDate "2007.10.21"]
[EventType "team-tourn"]
[EventRounds "9"]
[EventCountry "GER"]
[SourceTitle "EXT 2009"]
[Source "ChessBase"]
[SourceDate "2008.11.26"]
[SourceVersion "1"]
[SourceVersionDate "2008.11.26"]
[SourceQuality "1"]
[WhiteTeam "Gunzenhausen"]
[BlackTeam "Weiden"]
[WhiteTeamCountry "GER"]
[BlackTeamCountry "GER"]

1. d4 d5 2. c4 c6 3. Nc3 Nf6 4. cxd5 cxd5 5. Nf3 Nc6 6. Bf4 Bf5 7. e3 e6 8. Bb5 Nd7 9. 0-0 Be7 10. Rc1 Rc8 11. Bxc6 bxc6 12. Ne5 Nxe5 13. Bxe5 f6 14. Bg3 c5 15. dxc5 Bxc5 16. b4 Be7 17. Qa4+ Qd7 18. Nb5 0-0 19. Qxa7 Qxa7 20. Nxa7 Rxc1 21. Rxc1 Bxb4 22. Nc6 Ba3 23. Rc3 Ra8 24. Rb3 Bc2 25. Rb7 e5 26. h4 Bc5 27. Rb5 Bf8 28. Rb2 Bd3 29. f4 exf4 30. Bxf4 Bc4 31. a4 Rxa4 32. Rb8 Kf7 33. Nd8+ Ke7 34. Nb7 Kf7 35. Nd8+ Ke7 36. Nb7 Kf7 1/2-1/2

[Event "Regionalliga NO 0607"]
[Site "Bayern"]
[Date "2006.10.15"]
[Round "1.4"]
[White "Stephan, Jan"]
[Black "Roeder, Gerd"]
[Result "0-1"]
[WhiteElo "2013"]
[BlackElo "2217"]
[PlyCount "64"]
[EventDate "2006.10.15"]
[EventType "team-tourn"]
[EventRounds "9"]
[EventCountry "GER"]
[SourceTitle "EXT 2008"]
[Source "ChessBase"]
[SourceDate "2007.11.25"]
[SourceVersion "1"]
[SourceVersionDate "2007.11.25"]
[SourceQuality "1"]
[WhiteTeam "Gunzenhausen"]
[BlackTeam "Altensittenbach"]
[WhiteTeamCountry "GER"]
[BlackTeamCountry "GER"]

1. d4 d5 2. c4 c6 3. Nc3 Nf6 4. Nf3 Bf5 5. cxd5 cxd5 6. Qb3 Qb6 7. Nxd5 Nxd5 8. Qxd5 e6 9. Qb3 Nc6 10. Qxb6 axb6 11. Bd2 Nb4 12. Bxb4 Bxb4+ 13. Nd2 0-0 14. f3 Rfc8 15. a3 Bxd2+ 16. Kxd2 Rc2+ 17. Ke3 Rxb2 18. Kf4 Bc2 19. e3 Ra5 20. h4 h6 21. Be2 g5+ 22. hxg5 Rf5+ 23. Kg3 Rxg5+ 24. Kf2 Bd3 25. Rhe1 Bxe2 26. Rxe2 Rxg2+ 27. Kxg2 Rxe2+ 28. Kg3 Rxe3 29. Kf4 Rb3 30. Ke4 Kf8 31. f4 f5+ 32. Ke5 Ke7 0-1

[Event "Regionalliga NO 0506"]
[Site "Bayern"]
[Date "2005.11.27"]
[Round "3.5"]
[White "Strobel, Christian"]
[Black "Stephan, Jan"]
[Result "1-0"]
[WhiteElo "2070"]
[BlackElo "2047"]
[PlyCount "87"]
[EventDate "2005.10.23"]
[EventType "team-tourn"]
[EventRounds "9"]
[EventCountry "GER"]
[SourceTitle "EXT 2007"]
[Source "ChessBase"]
[SourceDate "2006.11.23"]
[SourceVersion "1"]
[SourceVersionDate "2006.11.23"]
[SourceQuality "1"]

1. e4 c6 2. d4 d5 3. exd5 cxd5 4. Bd3 Nc6 5. c3 Nf6 6. Bf4 Qb6 7. Qb3 Bd7 8. h3 e6 9. Nf3 Qxb3 10. axb3 Be7 11. Nbd2 0-0 12. 0-0 Ne8 13. Rfe1 Bd6 14. Ne5 Nxe5 15. dxe5 Bc5 16. Nf3 Nc7 17. Be3 Bxe3 18. Rxe3 Bb5 19. Bc2 Rfc8 20. Rd1 Na6 21. Rd4 Be8 22. Rh4 h6 23. Nd4 b5 24. b4 Nb8 25. Rg3 Nc6 26. Nxc6 Rxc6 27. Rxh6 a5 28. Rh4 Rc4 29. Rhg4 g6 30. bxa5 Rxa5 31. Bd3 Rca4 32. h4 Ra1+ 33. Kh2 Rc1 34. Rb4 Raa1 35. Re3 Rh1+ 36. Kg3 Ra5 37. Bc2 Kg7 38. Re2 Bc6 39. Rd2 Re1 40. f4 f6 41. exf6+ Kxf6 42. Kf2 Rh1 43. Re2 Rxh4 44. f5 1-0

[Event "Regionalliga NO 0405"]
[Site "Bayern"]
[Date "2005.03.13"]
[Round "8.5"]
[White "Veh Hoelzlein, Michael"]
[Black "Stephan, Jan"]
[Result "1/2-1/2"]
[WhiteElo "2051"]
[BlackElo "2001"]
[PlyCount "90"]
[EventDate "2004.10.24"]
[EventType "team-tourn"]
[EventRounds "9"]
[EventCountry "GER"]
[SourceTitle "EXT 2007"]
[Source "ChessBase"]
[SourceDate "2006.11.23"]
[SourceVersion "1"]
[SourceVersionDate "2006.11.23"]
[SourceQuality "1"]
[WhiteTeam "Schwabach"]
[BlackTeam "Gunzenhausen"]
[WhiteTeamCountry "GER"]
[BlackTeamCountry "GER"]

1. e4 c6 2. d4 d5 3. e5 Bf5 4. Ne2 e6 5. Nf4 c5 6. g4 Be4 7. f3 Qh4+ 8. Ke2 Bg6 9. c3 Nc6 10. Be3 Qd8 11. h4 Qb6 12. Qd2 Bxb1 13. Rxb1 Qa6+ 14. Kf2 Qxa2 15. Bb5 c4 16. Ra1 Qb3 17. Ba4 Qb6 18. b3 cxb3 19. c4 Bb4 20. Qd3 b2 21. Rab1 Nge7 22. cxd5 exd5 23. Bb3 0-0-0 24. Rxb2 Kb8 25. Rhb1 a5 26. Kg2 Ka7 27. h5 Qa6 28. Ba4 Qxd3 29. Nxd3 Rb8 30. Bg5 Bc3 31. Rb5 b6 32. Bxe7 Nxe7 33. Nf4 Bxd4 34. Nxd5 Nxd5 35. Rxd5 Rhd8 36. Rbb5 Bc5 37. Rdxc5 bxc5 38. Rxa5+ Kb6 39. Rb5+ Ka6 40. Rxc5 Rb4 41. Bc2 Kb6 42. Rc3 h6 43. Be4 Rbd4 44. Rc6+ Ka5 45. e6 fxe6 1/2-1/2

[Event "Regionalliga NO 0405"]
[Site "Bayern"]
[Date "2004.11.28"]
[Round "3.5"]
[White "Stephan, Jan"]
[Black "Gruenbauer, Rene"]
[Result "1-0"]
[WhiteElo "2001"]
[BlackElo "1942"]
[PlyCount "93"]
[EventDate "2004.10.24"]
[EventType "team-tourn"]
[EventRounds "9"]
[EventCountry "GER"]
[SourceTitle "EXT 2007"]
[Source "ChessBase"]
[SourceDate "2006.11.23"]
[SourceVersion "1"]
[SourceVersionDate "2006.11.23"]
[SourceQuality "1"]
[WhiteTeam "Gunzenhausen"]
[BlackTeam "Karethein"]
[WhiteTeamCountry "GER"]
[BlackTeamCountry "GER"]

1. d4 d5 2. c4 c6 3. cxd5 cxd5 4. Nc3 Nf6 5. Nf3 Nc6 6. Bf4 a6 7. e3 e6 8. Bd3 Bd6 9. Bg5 Be7 10. 0-0 0-0 11. Rc1 Bd7 12. Bb1 Rc8 13. a3 Na5 14. Qc2 g6 15. Ne5 Ne4 16. Bxe7 Qxe7 17. Nxd7 Qxd7 18. Nxe4 dxe4 19. Qxe4 Nc4 20. Rc2 b5 21. Ba2 Nd6 22. Qd3 Rxc2 23. Qxc2 Rc8 24. Qd3 Qc7 25. Bb3 a5 26. a4 b4 27. Rd1 Kg7 28. d5 e5 29. e4 Qc5 30. g4 f6 31. Kg2 g5 32. h4 h6 33. hxg5 hxg5 34. Rh1 Rh8 35. Rxh8 Kxh8 36. Kf3 Qc1 37. Qa6 Qh1+ 38. Ke2 Qxe4+ 39. Kd2 Qd4+ 40. Kc1 Ne4 41. d6 Qc5+ 42. Kb1 Nd2+ 43. Ka2 Nxb3 44. d7 Qd5 45. Qc8+ Kg7 46. d8Q Nc1+ 47. Kb1 1-0

[Event "Regionalliga NO 0405"]
[Site "Bayern"]
[Date "2004.11.14"]
[Round "2.5"]
[White "Bildt, Thomas"]
[Black "Stephan, Jan"]
[Result "0-1"]
[WhiteElo "2026"]
[BlackElo "2001"]
[PlyCount "94"]
[EventDate "2004.10.24"]
[EventType "team-tourn"]
[EventRounds "9"]
[EventCountry "GER"]
[SourceTitle "EXT 2007"]
[Source "ChessBase"]
[SourceDate "2006.11.23"]
[SourceVersion "1"]
[SourceVersionDate "2006.11.23"]
[SourceQuality "1"]
[WhiteTeam "Zirndorf II"]
[BlackTeam "Gunzenhausen"]
[WhiteTeamCountry "GER"]
[BlackTeamCountry "GER"]

1. e4 c6 2. d4 d5 3. Nc3 dxe4 4. Nxe4 Bf5 5. Ng3 Bg6 6. h4 h6 7. h5 Bh7 8. Nf3 Nf6 9. Bd3 Bxd3 10. Qxd3 Qa5+ 11. Bd2 Qa6 12. Qxa6 Nxa6 13. 0-0-0 e6 14. Rde1 Be7 15. Ne5 0-0 16. Ne4 Rfd8 17. c3 c5 18. Nxc5 Nxc5 19. dxc5 Bxc5 20. Rh3 Bxf2 21. Re2 Bc5 22. g4 Nd7 23. g5 hxg5 24. Bxg5 f6 25. Nxd7 Rxd7 26. Bd2 Kf7 27. Rg3 Bf8 28. Rge3 Rad8 29. c4 Rd3 30. Kc2 Rxe3 31. Bxe3 b6 32. a4 Rc8 33. Kc3 Bc5 34. b4 Bxe3 35. Rxe3 e5 36. a5 Ke6 37. Rg3 Rc7 38. Kd3 Kf5 39. Rg6 e4+ 40. Kd4 Rd7+ 41. Ke3 Ke5 42. axb6 axb6 43. Rg4 f5 44. Rg6 f4+ 45. Ke2 Rd3 46. Kf2 Rd2+ 47. Ke1 e3 0-1

[Event "Mittelfranken-ch HT 53rd"]
[Site "Lauf"]
[Date "2004.04.09"]
[Round "7"]
[White "Stephan, Jan"]
[Black "Eiber, Manfred"]
[Result "0-1"]
[WhiteElo "1995"]
[BlackElo "2147"]
[PlyCount "84"]
[EventDate "2004.04.06"]
[EventType "swiss"]
[EventRounds "9"]
[EventCountry "GER"]
[SourceTitle "EXT 2011"]
[Source "ChessBase"]
[SourceDate "2010.11.26"]
[SourceVersion "1"]
[SourceVersionDate "2010.11.26"]
[SourceQuality "1"]

1. d4 Nf6 2. c4 g6 3. Nc3 Bg7 4. e4 d6 5. f3 0-0 6. Be3 e5 7. Nge2 Nc6 8. Qd2 a6 9. d5 Na5 10. Ng3 c5 11. h4 h5 12. Bh6 Nh7 13. Bxg7 Kxg7 14. Be2 b5 15. f4 exf4 16. Qxf4 Nxc4 17. Bxc4 bxc4 18. 0-0 Qf6 19. e5 Qxe5 20. Qxe5+ dxe5 21. Nge4 Bf5 22. Nxc5 Rfc8 23. N3e4 Nf6 24. Nxf6 Rxc5 25. Nxh5+ Kf8 26. Ng3 Bd3 27. Rf2 Kg7 28. h5 f5 29. hxg6 Kxg6 30. Rc1 Rd8 31. b3 Rdxd5 32. bxc4 Rd4 33. Rd2 Rcxc4 34. Rxc4 Bxc4 35. Rxd4 exd4 36. a3 Kg5 37. Kf2 Kg4 38. Nh1 Bb5 39. Ke1 Kf4 40. Kf2 Bc4 41. Ke1 Ke3 42. Nf2 Be2 0-1

[Event "Mittelfranken-ch HT 53rd"]
[Site "Lauf"]
[Date "2004.04.06"]
[Round "1"]
[White "Kaiser, Hans1111"]
[Black "Stephan, Jan"]
[Result "0-1"]
[WhiteElo "1815"]
[BlackElo "1995"]
[PlyCount "32"]
[EventDate "2004.04.06"]
[EventType "swiss"]
[EventRounds "9"]
[EventCountry "GER"]
[SourceTitle "EXT 2011"]
[Source "ChessBase"]
[SourceDate "2010.11.26"]
[SourceVersion "1"]
[SourceVersionDate "2010.11.26"]
[SourceQuality "1"]

1. e4 c6 2. d4 d5 3. e5 Bf5 4. Nf3 e6 5. Be2 c5 6. 0-0 Nc6 7. c3 cxd4 8. cxd4 Bb4 9. a3 Ba5 10. b4 Bb6 11. Nc3 Nge7 12. Na4 0-0 13. Nc5 Qc7 14. Nb3 Nxb4 15. Qd2 Nbc6 16. Bb2 Na5 0-1